| 000 | 00636cam a22001937a 4500 | ||
|---|---|---|---|
| 008 | 180718b2006 xxu||||| |||| 00| 0 eng d | ||
| 020 | _a8170129230 | ||
| 082 | _aH35 T326 | ||
| 100 | _aRamachandran, V.G. | ||
| 245 |
_aLaw of writs _cby V.G. Ramachandran |
||
| 250 | _a6th ed. | ||
| 260 |
_aLucknow _bEastern Book _c2006 |
||
| 300 | _a2v | ||
| 500 | _aContents: v.1. Historical development of various writs and general principles, 1017p. v.2. Specific writs, Miscllaneous and practice and procedure, pp.1018-2096p. | ||
| 650 | _aConstitutional law | ||
| 650 | _aWrits | ||
| 700 | _aThakker, M.C. | ||
| 700 | _aThakker, C.K., Rev. | ||
| 999 |
_c407931 _d407931 |
||